| 000 | 00685nam a2200205 a 4500 | ||
|---|---|---|---|
| 003 | PILC | ||
| 005 | 20150112093435.0 | ||
| 008 | 100723s19uu xx 00 eng d | ||
| 020 | _a1578515564 | ||
| 050 |
_aHF 5549.5.R44 _b.H287 2001 |
||
| 082 |
_aMHSF 658.311 _bH26 2001 |
||
| 100 |
_aHarvard Business School Press _915191 |
||
| 245 |
_aHarvard business review _bon finding and keeping the best people / |
||
| 260 |
_aBoston, Massachusetts : _bHarvard Business School Publishing, _c2001. |
||
| 300 |
_a221 pages : _c22 cm. |
||
| 440 |
_aHarvard Business Review Series _915045 |
||
| 650 |
_aEmployees- Recruiting _915701 |
||
| 650 |
_aEmployees- Retention _915702 |
||
| 942 |
_2lcc _cBK |
||
| 999 |
_c14533 _d14533 |
||